| 000 | 00563nam a22001697a 4500 | ||
|---|---|---|---|
| 003 | NUST - PNEC | ||
| 005 | 20170116181031.0 | ||
| 008 | 150919b xxu||||| |||| 00| 0 eng d | ||
| 020 | _a0890068992 | ||
| 040 | _cLIBRARY | ||
| 082 | _a621.38132 MAA | ||
| 100 |
_911072 _aMaas, Stephen A. |
||
| 245 |
_aC/NL2 for windows 95, NT, and 3.1 : linear and nonlinear circuit analysis and optimization : software and user's manual _cStephen A. Maas |
||
| 260 | _cc.1996 | ||
| 650 |
_911074 _aMicrowave circuits--Design and construction _xMIS, Computer |
||
| 942 |
_2ddc _cBK |
||
| 999 |
_c67727 _d67727 |
||